Sports Quiz

Random Sports or WWE Quiz

WWE PPV Main Eventers Quiz Stats

 Plays Quiz Retired Jul 13, 2021

Support Sporcle.
Go Orange.
Score 0/178 Timer 20:00
7 Plays Today
Main Events Wrestler % Correct
66Triple H
95.8%
65John Cena
95.7%
1'The Undertaker'
95.5%
63The Undertaker
95.4%
33The Rock
92.8%
40Shawn Michaels
92.3%
22Hulk Hogan
92.1%
38Steve Austin
91.2%
43Randy Orton
90.6%
26Kane
90.4%
24Roman Reigns
87.5%
21Edge
87%
24Seth Rollins
86.5%
17Bret Hart
85%
4Charlotte Flair
84.1%
2Ric Flair
83.7%
31Brock Lesnar
83.5%
15The Big Show
83.4%
15Dean Ambrose
82.1%
8Randy Savage
82%
21Chris Jericho
81.9%
4Owen Hart
81.5%
21Batista
81.3%
19Kurt Angle
81.1%
7Jeff Hardy
77.7%
18CM Punk
77.5%
9Chris Benoit
76.6%
12Daniel Bryan
75.6%
2Christian
75.4%
10The Miz
75.4%
13Mick Foley
75%
6Rey Mysterio
74.9%
4Ted DiBiase
74.4%
12Kevin Nash
73.8%
4Eddie Guerrero
73.6%
4Vince McMahon
72.7%
6Shane McMahon
72.2%
9AJ Styles
70.9%
4Becky Lynch
70.3%
5The Ultimate Warrior
70.2%
8Bray Wyatt
69.3%
5Andre the Giant
67.5%
2Kofi Kingston
67.2%
10Sheamus
67.1%
7Kevin Owens
66.9%
11Booker T
66.7%
11JBL
66.5%
1Don Muraco
65.6%
1Jerry Lawler
63.7%
7Rob Van Dam
62.8%
2Jim Neidhart
62.6%
1Ted DiBiase Jr.
62.4%
5Alberto Del Rio
62.4%
10Bill Goldberg
62.2%
6Yokozuna
61.9%
2Ronda Rousey
61.5%
2Big Boss Man
61.4%
9Braun Strowman
60.8%
1Sasha Banks
60.8%
3Roddy Piper
60.4%
Main Events Wrestler % Correct
1Cody Rhodes
59.8%
2Drew McIntyre
57.6%
3Goldust
57.2%
11British Bulldog
56.9%
3Mark Henry
56.8%
3D-Von Dudley
56%
3Bubba Ray Dudley
55.9%
5Wade Barrett
55.1%
1Bayley
54.9%
6Bobby Lashley
54.9%
1Billy Gunn
53.6%
4John Morrison
53.6%
6Dolph Ziggler
53.5%
9Sid
52.4%
5Ryback
52.1%
2The Great Khali
50.3%
5Finn Balor
50.1%
2Shinsuke Nakamura
50%
2Sgt. Slaughter
49.8%
1Road Dogg
49.2%
2Sami Zayn
49.1%
1Luke Harper
49%
3Cesaro
49%
7Samoa Joe
48.1%
2Rikishi
47.4%
1Erick Rowan
46.9%
3Jinder Mahal
46.2%
2Mr. T
45.9%
1Dynamite Kid
45.3%
2Lex Luger
44.7%
2King Kong Bundy
44.2%
2Umaga
44.1%
6Baron Corbin
42.7%
1Heath Slater
42.6%
1Test
42.3%
5R-Truth
42.3%
1Sting
42.2%
4Bam Bam Bigelow
41.9%
2Hawk
41.1%
2Animal
40.9%
2Rick Rude
39.8%
2Rusev
39.8%
3Vader
39.4%
3Paul Orndorff
39.4%
1Faarooq
38%
2Ken Shamrock
37.8%
1Hardcore Holly
37.6%
3Asuka
37.4%
1Mabel
37.4%
1Iron Sheik
37.2%
1Justin Gabriel
36.8%
1Scott Steiner
36.5%
1Carlito
35.9%
1Junkyard Dog
35.6%
1Rick Steiner
35%
1David Otunga
33.8%
1Lawrence Taylor
33.5%
1DDP
33.3%
1Red Rooster
33%
1Darren Young
32.2%
Main Events Wrestler % Correct
1Natalya
32.2%
1Earthquake
31.8%
1General Adnan
31.8%
2Finlay
30.8%
1Tito Santana
30.6%
2Bobby Roode
30.5%
1Chris Masters
30.1%
1Tommy Dreamer
29.9%
2Akeem
29.9%
1Ahmed Johnson
29.7%
2Shayna Baszler
29.3%
1Michael Tarver
28.9%
1Nikki Bella
28.7%
1Rhyno
28.7%
1Arn Anderson
28.3%
3Brutus Beefcake
28.2%
1Crush
27.9%
1I.R.S.
27.4%
1Liv Morgan
26.5%
1Ricochet
26.4%
1Rick Martel
26.2%
1Marty Jannetty
26%
1Terry Funk
25.9%
1Brian Pillman
25.6%
3Haku
25.3%
1Ali
24.8%
2Zeus
24.7%
1Andrade
24.3%
1Typhoon
24.1%
1Ruby Riott
23.8%
2Paul Roma
23.6%
1The Sandman
23.3%
1Sarah Logan
22.6%
1Greg Valentine
22.6%
1Savio Vega
21.9%
1Kairi Sane
21.3%
1Hillbilly Jim
21.2%
2Hercules
21.1%
1Tatanka
21%
1Paul Heyman
21%
1The Warlord
19.6%
1Quebecer Jacques
19.4%
1Elias
19.3%
1Bobby Heenan
18.2%
1Maven
17.7%
1Koko B. Ware
17.7%
1Mike Knox
17.4%
1Kenny
16.9%
1Mikey
16%
1Ludvig Borga
15.5%
1Johnny
15.2%
1Mitch
15.1%
1Snitsky
15%
1John Laurinaitis
14.4%
1Butch Reed
13.8%
1Ken Patera
13.6%
1Jim Powers
8.5%
1Tama
7.5%

From the Vault

First Stage Evolution Pokémon (Gen 1)

by pdigoe

Gaming 4m
They say it's not worth walking into traffic to catch a Charizard. But which of us has the Charizard?
Remove Ads.
Support Sporcle.
Get the best of Sporcle when you Go Orange. This ad-free experience offers more features, more stats, and more fun while also helping to support Sporcle. Thank you for becoming a member.

Show Comments

Extras

Top Quizzes Today


Score Distribution

Your Account Isn't Verified!

In order to create a playlist on Sporcle, you need to verify the email address you used during registration. Go to your Sporcle Settings to finish the process.

Report this User

Report this user for behavior that violates our Community Guidelines.

Details: